| 000 | 00561nam a2200169 a 4500 | ||
|---|---|---|---|
| 001 | 000040199 | ||
| 005 | 20201002033958.0 | ||
| 008 | 130814s1973 ag 000 0 spa d | ||
| 040 |
_aDO-SdBNP _bspa _cBNPHU |
||
| 100 | 1 |
_aChilde, V. Gordon _966467 |
|
| 240 | 1 | 0 |
_aWhat happened in history _lEspañol |
| 245 | 1 | 0 |
_aQue sucedio en la historia / _cV. Gordon Childe ; traducción de Elena Dukelsky. |
| 260 |
_aBuenos Aires : _bLa Pléyade, _c1973. |
||
| 300 |
_a310 p. ; _c21 cm. |
||
| 500 | _aTraducido del idioma inglés | ||
| 700 | 1 |
_aDukelsky, Elena, _etrad. _960365 |
|
| 999 |
_c39689 _d39689 |
||